Výroba potravín už takmer v súkromných rukách Trh potravín

Pokles dopytu po potravinách na Slovensku následkom zníženia kúpnej sily obyvateľstva, spotrebiteľské ceny 1992-1993. Pokles stavu a úžitkovosti hospodárskych zvierat, ceny a klesajúca spotreba mäsa. Výkyvy kvality potravín. Privatizácia v potravinárstve. Potravinové právo, legislatíva, ochrana zdra...

Descrizione completa

Salvato in:
Dettagli Bibliografici
Autore principale: Janků, Jaroslav
Natura: Capitolo di libro
Lingua:slovacco
Soggetti:
Tags: Aggiungi Tag
Nessun Tag, puoi essere il primo ad aggiungerne!!

MARC

LEADER 00000naa a2200000 4500
001 r015178
005 20221205091425.6
041 0 |a slo 
044 |a SK 
245 1 0 |a Výroba potravín už takmer v súkromných rukách  |b Trh potravín  |c Jaroslav Janků 
520 |a Pokles dopytu po potravinách na Slovensku následkom zníženia kúpnej sily obyvateľstva, spotrebiteľské ceny 1992-1993. Pokles stavu a úžitkovosti hospodárskych zvierat, ceny a klesajúca spotreba mäsa. Výkyvy kvality potravín. Privatizácia v potravinárstve. Potravinové právo, legislatíva, ochrana zdravia, Codex alimentarius (FAO/WHO). 
610 2 0 |a potravinárstvo 
610 2 0 |a potraviny 
610 2 0 |a normy 
610 2 0 |a legislatíva 
610 2 0 |a svet 
610 2 0 |a Slovensko 
610 2 0 |a spotreba 
610 2 0 |a kvalita výrobkov 
610 2 0 |a zákony 
610 2 0 |a výroba živočíšna 
610 2 0 |a údaje štatistické 
610 2 0 |a ochrana zdravia 
100 1 |a Janků, Jaroslav